000 00588nam a2200181 a 4500
008 120416s1986 ||||||||||||||||| || u
020 _a0471825220
050 _aHB 615 Bur
100 _aBurch, John G
245 1 0 _aEntrepreneurship
260 _aNew York:
_bJohn Wiley and Sons
_c1986
300 _axvii, 493p. : ill
350 _a0.00
650 0 _aENTREPRENEURSHIP
650 0 _aSMALL BUSINESS
650 0 _aNEW BUSINESS ENTERPRISES
995 _D0.00
_FCBU-MAIN LIBRARY (Kitwe)
_H1
_I17.00
_UDAMAGED
_ZMain Library Open Access Collection
999 _c42120
_d42120